| 000 | 00800nam a2200181Ia 4500 | ||
|---|---|---|---|
| 008 | 100920s9999 xx 000 0 und d | ||
| 082 |
_b88519 _a51 थ 46 |
||
| 100 | _aराजहंस बा. न. | ||
| 245 | _aऑगस्ट क्रांतीचा नेता जयप्रकाश नारायण. | ||
| 260 |
_bमहाराष्ट्र गं्रथ भांडार, मुंबई 4. _c1946 |
||
| 300 |
_a119 _bसाधी |
||
| 365 | _b1.5 | ||
| 520 | _aचरित्र. | ||
| 630 | _aऑगस्ट क्रांतीचा नेता जयप्रकाश नारायण. | ||
| 650 | _aचरित्र. | ||
| 730 | _aऑगस्ट क्रांतीचा नेता जयप्रकाश नारायण. | ||
| 942 | _cBOOK | ||
| 999 |
_c729023 _d729020 |
||